000
00243nam a2200109Ia 4500
008
240521s1999 xx 000 0 und d
041
_a
eng
100
_a
NARAYAN R.K.
245
_a
WAITING FOR THE MAHATMA.
260
_c
1999
300
_a
256
999
_c
1159291
_d
1159291